<?xml version="1.0" encoding="UTF-8"?>
<record
    xmlns:xsi="http://www.w3.org/2001/XMLSchema-instance"
    xsi:schemaLocation="http://www.loc.gov/MARC21/slim http://www.loc.gov/standards/marcxml/schema/MARC21slim.xsd"
    xmlns="http://www.loc.gov/MARC21/slim">

  <leader>00604nam a2200217   4500</leader>
  <controlfield tag="005">20260330113803.0</controlfield>
  <controlfield tag="008">260330b        |||||||| |||| 00| 0 eng d</controlfield>
  <datafield tag="020" ind1=" " ind2=" ">
    <subfield code="a">978-81-225-0732-4</subfield>
  </datafield>
  <datafield tag="041" ind1=" " ind2=" ">
    <subfield code="a">English</subfield>
  </datafield>
  <datafield tag="082" ind1=" " ind2=" ">
    <subfield code="2">48th 2014/RP 2025</subfield>
    <subfield code="a">SO 301 BHU B12893</subfield>
  </datafield>
  <datafield tag="100" ind1=" " ind2=" ">
    <subfield code="a">Bhushan, Vidya</subfield>
    <subfield code="9">217417</subfield>
  </datafield>
  <datafield tag="245" ind1=" " ind2=" ">
    <subfield code="a">An Introducation to Sociology</subfield>
  </datafield>
  <datafield tag="250" ind1=" " ind2=" ">
    <subfield code="a">48th ed 2014/RP 2025</subfield>
  </datafield>
  <datafield tag="260" ind1=" " ind2=" ">
    <subfield code="a">New Delhi</subfield>
    <subfield code="b">Kitab Mahal Publishers</subfield>
    <subfield code="c">2025</subfield>
  </datafield>
  <datafield tag="300" ind1=" " ind2=" ">
    <subfield code="a">xii; 552p</subfield>
    <subfield code="b">pb</subfield>
  </datafield>
  <datafield tag="365" ind1=" " ind2=" ">
    <subfield code="a">Rupaye</subfield>
    <subfield code="b">520</subfield>
    <subfield code="c">INR</subfield>
  </datafield>
  <datafield tag="500" ind1=" " ind2=" ">
    <subfield code="a">Sociology</subfield>
  </datafield>
  <datafield tag="650" ind1=" " ind2=" ">
    <subfield code="a">Sociology</subfield>
    <subfield code="9">217418</subfield>
  </datafield>
  <datafield tag="651" ind1=" " ind2=" ">
    <subfield code="a">Sociology</subfield>
    <subfield code="9">217419</subfield>
  </datafield>
  <datafield tag="942" ind1=" " ind2=" ">
    <subfield code="c">BB</subfield>
  </datafield>
  <datafield tag="999" ind1=" " ind2=" ">
    <subfield code="c">370810</subfield>
    <subfield code="d">370810</subfield>
  </datafield>
  <datafield tag="952" ind1=" " ind2=" ">
    <subfield code="0">0</subfield>
    <subfield code="1">0</subfield>
    <subfield code="2">ddc</subfield>
    <subfield code="4">0</subfield>
    <subfield code="7">0</subfield>
    <subfield code="a">BTIN</subfield>
    <subfield code="b">BTIN</subfield>
    <subfield code="d">2026-03-25</subfield>
    <subfield code="e">Sai Book Collection</subfield>
    <subfield code="g">431.60</subfield>
    <subfield code="i">SB/IN/2193</subfield>
    <subfield code="l">0</subfield>
    <subfield code="o">SO 301 BHU B12893</subfield>
    <subfield code="p">BTIN-BK-12893</subfield>
    <subfield code="r">2026-03-30 11:40:08</subfield>
    <subfield code="t">17%</subfield>
    <subfield code="v">520.00</subfield>
    <subfield code="w">2026-03-20</subfield>
    <subfield code="y">BB</subfield>
    <subfield code="z">BTIN-BK-12893</subfield>
  </datafield>
  <datafield tag="952" ind1=" " ind2=" ">
    <subfield code="0">0</subfield>
    <subfield code="1">0</subfield>
    <subfield code="2">ddc</subfield>
    <subfield code="4">0</subfield>
    <subfield code="7">0</subfield>
    <subfield code="a">BTIN</subfield>
    <subfield code="b">BTIN</subfield>
    <subfield code="d">2026-03-25</subfield>
    <subfield code="e">Sai Book Collection</subfield>
    <subfield code="g">431.60</subfield>
    <subfield code="i">SB/IN/2193</subfield>
    <subfield code="l">0</subfield>
    <subfield code="o">SO 301 BHU B12894</subfield>
    <subfield code="p">BTIN-BK-12894</subfield>
    <subfield code="r">2026-03-30 11:40:00</subfield>
    <subfield code="t">17%</subfield>
    <subfield code="v">520.00</subfield>
    <subfield code="w">2026-03-20</subfield>
    <subfield code="y">BB</subfield>
    <subfield code="z">BTIN-BK-12894</subfield>
  </datafield>
  <datafield tag="952" ind1=" " ind2=" ">
    <subfield code="0">0</subfield>
    <subfield code="1">0</subfield>
    <subfield code="2">ddc</subfield>
    <subfield code="4">0</subfield>
    <subfield code="7">0</subfield>
    <subfield code="a">BTIN</subfield>
    <subfield code="b">BTIN</subfield>
    <subfield code="d">2026-03-25</subfield>
    <subfield code="e">Sai Book Collection</subfield>
    <subfield code="g">431.60</subfield>
    <subfield code="i">SB/IN/2193</subfield>
    <subfield code="l">0</subfield>
    <subfield code="o">SO 301 BHU B12895</subfield>
    <subfield code="p">BTIN-BK-12895</subfield>
    <subfield code="r">2026-03-30 11:40:00</subfield>
    <subfield code="t">17%</subfield>
    <subfield code="v">520.00</subfield>
    <subfield code="w">2026-03-20</subfield>
    <subfield code="y">BB</subfield>
    <subfield code="z">BTIN-BK-12895</subfield>
  </datafield>
  <datafield tag="952" ind1=" " ind2=" ">
    <subfield code="0">0</subfield>
    <subfield code="1">0</subfield>
    <subfield code="2">ddc</subfield>
    <subfield code="4">0</subfield>
    <subfield code="7">0</subfield>
    <subfield code="a">BTIN</subfield>
    <subfield code="b">BTIN</subfield>
    <subfield code="d">2026-03-25</subfield>
    <subfield code="e">Sai Book Collection</subfield>
    <subfield code="g">431.60</subfield>
    <subfield code="i">SB/IN/2193</subfield>
    <subfield code="l">0</subfield>
    <subfield code="o">SO 301 BHU B12896</subfield>
    <subfield code="p">BTIN-BK-12896</subfield>
    <subfield code="r">2026-03-30 11:40:00</subfield>
    <subfield code="t">17%</subfield>
    <subfield code="v">520.00</subfield>
    <subfield code="w">2026-03-20</subfield>
    <subfield code="y">BB</subfield>
    <subfield code="z">BTIN-BK-12896</subfield>
  </datafield>
  <datafield tag="952" ind1=" " ind2=" ">
    <subfield code="0">0</subfield>
    <subfield code="1">0</subfield>
    <subfield code="2">ddc</subfield>
    <subfield code="4">0</subfield>
    <subfield code="7">0</subfield>
    <subfield code="a">BTIN</subfield>
    <subfield code="b">BTIN</subfield>
    <subfield code="d">2026-03-25</subfield>
    <subfield code="e">Sai Book Collection</subfield>
    <subfield code="g">431.60</subfield>
    <subfield code="i">SB/IN/2193</subfield>
    <subfield code="l">0</subfield>
    <subfield code="o">SO 301 BHU B12897</subfield>
    <subfield code="p">BTIN-BK-12897</subfield>
    <subfield code="r">2026-03-30 11:40:00</subfield>
    <subfield code="t">17%</subfield>
    <subfield code="v">520.00</subfield>
    <subfield code="w">2026-03-20</subfield>
    <subfield code="y">BB</subfield>
    <subfield code="z">BTIN-BK-12897</subfield>
  </datafield>
  <datafield tag="952" ind1=" " ind2=" ">
    <subfield code="0">0</subfield>
    <subfield code="1">0</subfield>
    <subfield code="2">ddc</subfield>
    <subfield code="4">0</subfield>
    <subfield code="7">0</subfield>
    <subfield code="a">BTIN</subfield>
    <subfield code="b">BTIN</subfield>
    <subfield code="d">2026-03-25</subfield>
    <subfield code="e">Sai Book Collection</subfield>
    <subfield code="g">431.60</subfield>
    <subfield code="i">SB/IN/2193</subfield>
    <subfield code="l">0</subfield>
    <subfield code="o">SO 301 BHU B12898</subfield>
    <subfield code="p">BTIN-BK-12898</subfield>
    <subfield code="r">2026-03-30 11:40:00</subfield>
    <subfield code="t">17%</subfield>
    <subfield code="v">520.00</subfield>
    <subfield code="w">2026-03-20</subfield>
    <subfield code="y">BB</subfield>
    <subfield code="z">BTIN-BK-12898</subfield>
  </datafield>
  <datafield tag="952" ind1=" " ind2=" ">
    <subfield code="0">0</subfield>
    <subfield code="1">0</subfield>
    <subfield code="2">ddc</subfield>
    <subfield code="4">0</subfield>
    <subfield code="7">0</subfield>
    <subfield code="a">BTIN</subfield>
    <subfield code="b">BTIN</subfield>
    <subfield code="d">2026-03-25</subfield>
    <subfield code="e">Sai Book Collection</subfield>
    <subfield code="g">431.60</subfield>
    <subfield code="i">SB/IN/2193</subfield>
    <subfield code="l">0</subfield>
    <subfield code="o">SO 301 BHU B12899</subfield>
    <subfield code="p">BTIN-BK-12899</subfield>
    <subfield code="r">2026-03-30 11:40:00</subfield>
    <subfield code="t">17%</subfield>
    <subfield code="v">520.00</subfield>
    <subfield code="w">2026-03-20</subfield>
    <subfield code="y">BB</subfield>
    <subfield code="z">BTIN-BK-12899</subfield>
  </datafield>
  <datafield tag="952" ind1=" " ind2=" ">
    <subfield code="0">0</subfield>
    <subfield code="1">0</subfield>
    <subfield code="2">ddc</subfield>
    <subfield code="4">0</subfield>
    <subfield code="7">0</subfield>
    <subfield code="a">BTIN</subfield>
    <subfield code="b">BTIN</subfield>
    <subfield code="d">2026-03-25</subfield>
    <subfield code="e">Sai Book Collection</subfield>
    <subfield code="g">431.60</subfield>
    <subfield code="i">SB/IN/2193</subfield>
    <subfield code="l">0</subfield>
    <subfield code="o">SO 301 BHU B12900</subfield>
    <subfield code="p">BTIN-BK-12900</subfield>
    <subfield code="r">2026-03-30 11:40:00</subfield>
    <subfield code="t">17%</subfield>
    <subfield code="v">520.00</subfield>
    <subfield code="w">2026-03-20</subfield>
    <subfield code="y">BB</subfield>
    <subfield code="z">BTIN-BK-12900</subfield>
  </datafield>
  <datafield tag="952" ind1=" " ind2=" ">
    <subfield code="0">0</subfield>
    <subfield code="1">0</subfield>
    <subfield code="2">ddc</subfield>
    <subfield code="4">0</subfield>
    <subfield code="7">0</subfield>
    <subfield code="a">BTIN</subfield>
    <subfield code="b">BTIN</subfield>
    <subfield code="d">2026-03-25</subfield>
    <subfield code="e">Sai Book Collection</subfield>
    <subfield code="g">431.60</subfield>
    <subfield code="i">SB/IN/2193</subfield>
    <subfield code="l">0</subfield>
    <subfield code="o">SO 301 BHU B12901</subfield>
    <subfield code="p">BTIN-BK-12901</subfield>
    <subfield code="r">2026-03-30 11:40:00</subfield>
    <subfield code="t">17%</subfield>
    <subfield code="v">520.00</subfield>
    <subfield code="w">2026-03-20</subfield>
    <subfield code="y">BB</subfield>
    <subfield code="z">BTIN-BK-12901</subfield>
  </datafield>
  <datafield tag="952" ind1=" " ind2=" ">
    <subfield code="0">0</subfield>
    <subfield code="1">0</subfield>
    <subfield code="2">ddc</subfield>
    <subfield code="4">0</subfield>
    <subfield code="7">0</subfield>
    <subfield code="a">BTIN</subfield>
    <subfield code="b">BTIN</subfield>
    <subfield code="d">2026-03-25</subfield>
    <subfield code="e">Sai Book Collection</subfield>
    <subfield code="g">431.60</subfield>
    <subfield code="i">SB/IN/2193</subfield>
    <subfield code="l">0</subfield>
    <subfield code="o">SO 301 BHU B12902</subfield>
    <subfield code="p">BTIN-BK-12902</subfield>
    <subfield code="r">2026-03-30 11:40:00</subfield>
    <subfield code="t">17%</subfield>
    <subfield code="v">520.00</subfield>
    <subfield code="w">2026-03-20</subfield>
    <subfield code="y">BB</subfield>
    <subfield code="z">BTIN-BK-12902</subfield>
  </datafield>
</record>
